| 000 | 02565nam a22002657a 4500 | ||
|---|---|---|---|
| 001 | 87621 | ||
| 003 | UA-OsUOA | ||
| 005 | 20260406115043.0 | ||
| 007 | ta | ||
| 008 | 20120920b un ||un a|||| 00| 0 ukrf|ukr d | ||
| 020 | _a5868681061 | ||
| 040 |
_aUA-OsUOA _bukr _cUA-OsUOA _dUA-OsUOA |
||
| 041 | _aukr | ||
| 080 | _a821.161.2 | ||
| 090 |
_a821.161.2 _bВ83 |
||
| 100 |
_aВрублевський В. _924865 |
||
| 245 |
_aЗамах на генсека _bповісті _cВасиль Врублевський |
||
| 260 |
_aЖитомир _bКВО "Газета "Житомирський вісник" _c1992 |
||
| 300 | _a173 с. | ||
| 520 | _aСтудент Роман Ковальчук несподівано потрапляє у "сферу оперативного інтересу" КДБ. Проти нього фабрикується справа, влаштовуються провокації. Тільки випадок допомагає йому викарабкатися з лещат кегебістів. Про все це читач дізнається з повісті "Замах на генсека". Герої іншого твору "Вбивство на зупинці" - молоді люди, що належать до різних суспільних прошарків: студенти, учні ПТУ, "вуличниці", офіціантка. Життя в сучасному місті на кожного з них накладає певний, досить часто - негативний відбиток, всі вони так чи інакше стають жертвами "законів підвороття". У повісті "Акція" автор змальовує ницість та зубожіння "сильних світу" - містечкових князьків, апаратників, кар'єристів. В центрі повісті "Отаманша" - ватажок селян-повстанців Маруся Соколовська. Дія твору розгортається на тлі громадянської війни, у найтрагічніший для українського народу час, коли більшовики зброєю задушили УНР і на багнетах принесли на Україну "пролетарську революцію". | ||
| 650 | 7 |
_a82 Література. Літературознавство _2UDC _915 |
|
| 942 |
_cBK _2udc |
||
| 955 | _a3 | ||
| 999 |
_c373892 _d373892 |
||